01234nam a22002772i 450000100060000000300080000600500170001400800470003103500190007804000270009704100080012408200210013210000390015324500890019226000440028130000240032550400480034965000290039765000230042665000180044994200120046799900170047995201460049695201580064295201560080030641BD-RjUL20211209051608.0140410s 1977 1976 ii b 001 0 eng d a(BD-RjUL)30728 aDLCcDLCdBD-RjULbeng aeng a181.4bCHW 19771 aChattopadhyaya, Debiprasad.96881210aWhat is living and what is dead in Indian philosophy /cby Debiprasad Chattopadhyaya aNew Delhi :bPeople's Pub. House,c1977 axv, 656 p. ;c22 cm aBibliography: p. [637]-640 & Includes index 0aPhilosophy, Indic993092 0aMaterialism993093 0aIdealism9274 2ddccBK c30641d30641 00102ddc40708NFICaRUCLbRUCLcStackd1979-03-21eIndia Int. Calcatag55.50l0o181.4 CHW 1977r2014-04-10 00:00:00tC-2w2014-04-10yBK 00102ddc40718NFICaRUCLbRUCLcReadingd1979-03-21eIndian International Calcutag55.00l0o181.4 CHW 1977r2014-04-15 00:00:00tC-1w2014-04-15yBK 00102ddc40708NFICaRUCLbRUCLcStackd1979-03-21eIndian International Calcutag55.00l0o181.4 CHW 1977r2014-04-15 00:00:00tC-3w2014-04-15yBK